Online Catalogue and eLibrary

Decentralization as a Narrative of Opportunity for Women in Indonesia (Record no. 5812)

MARC details
000 -LEADER
fixed length control field 00547nam a2200205Ia 4500
005 - DATE AND TIME OF LATEST TRANSACTION
control field 20250306234519.0
008 - FIXED-LENGTH DATA ELEMENTS--GENERAL INFORMATION
fixed length control field 240331s9999 xx 000 0 und d
020 ## - INTERNATIONAL STANDARD BOOK NUMBER
ISBN 9789799930569
082 ## - DDC Classification
Item Number - Author Mark DEC
Class No. 992
245 #0 - TITLE STATEMENT
Title Decentralization as a Narrative of Opportunity for Women in Indonesia
260 ## - PUBLICATION, DISTRIBUTION, ETC.
Place of publication, distribution, etc. Indonesia
Name of publisher, distributor, etc. Women Research Institute
Date of publication, distribution, etc. 2007
300 ## - PHYSICAL DESCRIPTION
Extent (e.g. Volumes, Pages etc.) Viii, 221 p .,
650 ## - SUBJECT ADDED ENTRY--TOPICAL TERM
Topical term or geographic name entry element Women
650 ## - SUBJECT ADDED ENTRY--TOPICAL TERM
Topical term or geographic name entry element Social
650 ## - SUBJECT ADDED ENTRY--TOPICAL TERM
Topical term or geographic name entry element Gender
650 ## - SUBJECT ADDED ENTRY--TOPICAL TERM
Topical term or geographic name entry element Political
700 ## - ADDED ENTRY--PERSONAL NAME
Personal name Noerdin,E
Relator term (Role) Editor
700 ## - ADDED ENTRY--PERSONAL NAME
Personal name Aripurnami, S.
Relator term (Role) Editor
942 ## - Koha item type (Biblio)
Koha item type Books in Stacks (Lending)
Holdings
Lost status Damaged status Collection code Home library Current library Shelving location Date acquired Full call number Accession Number Item type
    Lending WERC Library WERC Library Social Science Cupboard 03/31/2024 992.2 DEC 6787 Books in Stacks (Lending)

© WERC Library